000 00892nam a2200193 4500
001 148604
003 ES-MaACL
007 t|
008 070214s1982 sp r ||||1| spa d
100 1 _aSuárez Alvarez, María Jesús.
_9108585
245 1 3 _aLa villa de Talavera y su tierra en la Edad Media
_b: (1369-1504) /
_cMaría Jesús Suárez Alvarez.
260 _aOviedo :
_bUniversidad de Oviedo. Departamento de Historia Medieval,
_c1982.
300 _a438 p. ;
_c25 cm.
490 1 _aUniversidad de Oviedo. Departamento de Historia Medieval. Publicaciones del departamento de Historia Medieval ;
_v10
710 2 _aUniversidad de Oviedo.
_bDepartamento de Historia Medieval.
_97263
830 0 _aUniversidad de Oviedo. Departamento de Historia Medieval. Publicaciones del departamento de Historia Medieval ;
_v10
_9221027
852 _aES-MaACL
_jL-6512
_bR.106685
999 _c148604
_d148604